00585cam a22001931 450000100060000000300080000600500170001400800390003103500190007004000410008904100080013008200200013810000600015824500570021826000330027530000270030850400330033565000230036823696BD-RjUL20211209000948.0140311t1933 enk b 000 0 eng a(BD-RjUL)23761 aDLCcMSohGdMSohGdDLCdBD-RjULbeng aeng04a920.7bFIO 19331 aFisher, H. A. L.q(Herbert Albert Laurens),d1865-1940.10aOur new religion /cby the Rt. Hon. H. A. L. Fisher. aLondon :bWatts & co.,c1933 aVii, 150 p. ;c18 cm. a"Authorities": p. [189]-191. 0aChristian Science.